000 00529nam a2200181Ia 4500
008 100920s9999 xx 000 0 und d
082 _b49094
_a--- थ 85
100 _aकर्णिक मधुमंगेश.
245 _aकमळण.
260 _bप्रिया प्रकाशन,मुंबई 4.
_c1985
300 _a228
_bसाधी
365 _b55
520 _aकादंबरी.
630 _aकमळण.
650 _aकादंबरी.
730 _aकमळण.
942 _cBOOK
999 _c695811
_d695808